Perspektiva naděje : hledání transcendence v postmoderní době / Jolana Poláková
Autorka interpretuje pojetí transcendence v díle Platonově, Kantově, Jaspersově a Lévinasově, což jí pomáhá v hledání transcendence v období postmoderny.
Record details
- ISBN: 80-7021-150-4
- Physical Description: 127 s. ; 20 cm
- Edition: Vyd. 1.
- Publisher: Praha : Vyšehrad, 1995
Content descriptions
| General Note: | Lit. - Pozn. |
Search for related items by subject
| Subject: | transcendentální filozofie |
| Genre: | studie |
Search for related items by series
Available copies
- 1 of 1 copy available at Common Catalog SPOK.
Holds
- 0 current holds with 1 total copy.
Show All Copies
| Location | Call Number / Copy Notes | Barcode | Shelving Location | Status | Due Date |
|---|---|---|---|---|---|
| Jabok Library | FL-3/Po | 424480000201 | Odborná literatura | Available | - |
| LDR | 02030nam a22005893a 4500 | ||
|---|---|---|---|
| 001 | 9033 | ||
| 003 | CZ-PrJAB | ||
| 005 | 20170529133754.0 | ||
| 007 | ta | ||
| 008 | 960215s1995 xr ||| | cze d | ||
| 015 | . | ‡acnb000108815 | |
| 020 | . | ‡a80-7021-150-4 | |
| 035 | . | ‡a(CZ PrSKC)m0205298 | |
| 035 | . | ‡a(OCoLC)84109083 | |
| 040 | . | ‡aCBA001 ‡bcze | |
| 080 | . | ‡a1 ‡2MRF | |
| 080 | . | ‡a165 ‡2MRF | |
| 100 | 1 | . | ‡aPoláková, Jolana, ‡d1951- ‡7jn20001227504 ‡4aut |
| 245 | 1 | 0. | ‡aPerspektiva naděje : ‡bhledání transcendence v postmoderní době / ‡cJolana Poláková |
| 250 | . | ‡aVyd. 1. | |
| 260 | . | ‡aPraha : ‡bVyšehrad, ‡c1995 | |
| 300 | . | ‡a127 s. ; ‡c20 cm | |
| 490 | 1 | . | ‡aStudium ; ‡vsv. 56 |
| 500 | . | ‡aLit. - Pozn. | |
| 520 | . | ‡aAutorka interpretuje pojetí transcendence v díle Platonově, Kantově, Jaspersově a Lévinasově, což jí pomáhá v hledání transcendence v období postmoderny. | |
| 650 | 7. | ‡atranscendentální filozofie ‡7ph116474 ‡2czenas | |
| 655 | 7. | ‡astudie ‡7fd133597 ‡2czenas | |
| 700 | 1 | . | ‡aVrána, Karel, ‡d1925-2004 ‡7jn19981002366 ‡4oth |
| 830 | 0. | ‡aStudium | |
| 910 | . | ‡aABG312 | |
| 901 | . | ‡a9033 ‡bUnknown ‡c9033 ‡tbiblio | |